• 首页
  • 本馆介绍
  • 公告通知
  • 最新文献
  • 馆藏检索
  • 电子资源
  • 读者导购
  • 参考咨询
  • 我的图书馆
  • 登录
  • 详细信息显示
  • 放入我的书架
  • 预约/预借图书
  • 作者相关作品
  • 分类相关作品
  • 丛书相关作品
  • 出版社相关作品

书目信息

  • 表格格式
  • 工作单格式
  • 卡片格式
题名:
爱因斯坦的年代
    
 
作者: 任之 编著
分册:  
出版信息: 北京   同心出版社  2005
页数: 10,353页
开本: 21cm
丛书名:
单 册:
中图分类: K837.126.11
科图分类:
主题词:
电子资源:
ISBN: 7-80593-797-4
000 01310nam0 2200349 450
000 01273nam0 2200337 450
000 01236nam0 2200325 450
000 01198nam0 2200313 450
000 01196nam0 2200325 450
000 01142nam0 2200301 450
000 01171nam0 2200289 450
000 01134nam0 2200277 45
001 003002823
005 20061227103545.12
010    @a7-80593-797-4@dCNY19.80
100    @a20060829d2005 em y0chiy0110 ea
101 0  @achi
102    @aCN@b110000
105    @ay a 000yd
200 1  @a爱因斯坦的年代@AAi Yin Si Tan De Nian Dai@e纪念“相对论”发表100周年@EJi Nian“ Xiang Dui Lun” Fa Biao 100 Zhou Nian@f任之编著@FRen Zhi Bian Zhu
210    @a北京@c同心出版社@d2005
215    @a10,353页@d21cm
320    @a有书目
330    @a本书讲述了爱因斯坦这位伟大的天才在他自己的年代里的所言、所行、所经、所历,以及“相对论”的诞生对人类的影响。
517 1  @a纪念“相对论”发表100周年@AJi Nian“ Xiang Dui Lun” Fa Biao 100 Zhou Nian
600  0 @a爱因斯坦@c(Einstein, Albert@f1879~1955)@x生平事迹
690    @aK837.126.11@v4
701  0 @a任之@ARen Zhi@4编著
801  0 @aCN@b中图数据@c20061227
905    @a10447@dK837.126.11@e211RZ
    
    爱因斯坦的年代:纪念“相对论”发表100周年/任之编著.-北京:同心出版社,2005
    10,353页;21cm
    
    
    ISBN 7-80593-797-4:CNY19.80
    本书讲述了爱因斯坦这位伟大的天才在他自己的年代里的所言、所行、所经、所历,以及“相对论”的诞生对人类的影响。
●
相关链接 在E读中查询图书 在五车中查询图书 在当当中查询图书 在豆瓣中查询图书


正题名:爱因斯坦的年代     索取号:K837.126.11/211RZ         预约/预借

序号 登录号 条形码 馆藏地/架位号 状态 备注
1 0602653   206026539   第二样本阅览室/ [索取号:K837.126.11/211RZ] 在馆    
2 0602654   206026548   第二借阅区/ [索取号:K837.126.11/211RZ] 在馆    
3 0602655   206026557   第二借阅区/ [索取号:K837.126.11/211RZ] 在馆    
4 0602656   206026566   第二借阅区/ [索取号:K837.126.11/211RZ] 在馆    
5 0602657   206026575   第二借阅区/ [索取号:K837.126.11/211RZ] 在馆    
6 0602658   206026584   第二借阅区/ [索取号:K837.126.11/211RZ] 在馆    
唐山师范学院图书馆 欢迎您!
大连网信软件有限公司© 版权所有